La sindicatura en la ley de concursos (Registro nro. 1559)

Detalles MARC
000 -LEADER
fixed length control field 01073 a2200193 4500
001 - CONTROL NUMBER
control field 27180
005 - DATE AND TIME OF LATEST TRANSACTION
control field 20260407155548.0
008 - FIXED-LENGTH DATA ELEMENTS--GENERAL INFORMATION
fixed length control field 260407a1974 arg spa d
003 - CONTROL NUMBER IDENTIFIER
control field AR-UNSa-BCEJYS
040 ## - CATALOGING SOURCE
Original cataloging agency AR-UNSa-BCEJYS
Language of cataloging spa
Transcribing agency AR-UNSa-BCEJYS
080 ## - UNIVERSAL DECIMAL CLASSIFICATION NUMBER
Universal Decimal Classification number 347.736
Common auxiliary subdivision Quiebra. Insolvencia. Suspensión de pagos. Bancarrota, procedimientos. Derecho Concursal
100 1# - MAIN ENTRY--PERSONAL NAME
Personal name Etcheverry, Raúl Aníbal
245 10 - TITLE STATEMENT
Title La sindicatura en la ley de concursos
264 #1 - PRODUCTION, PUBLICATION, DISTRIBUTION, MANUFACTURE, AND COPYRIGHT NOTICE
Place of production, publication, distribution, manufacture Buenos Aires :
Name of producer, publisher, distributor, manufacturer Abeledo Perrot
Date of production, publication, distribution, manufacture, or copyright notice 1974
300 ## - PHYSICAL DESCRIPTION
Extent 133 p.
Dimensions 23 cm.
505 ## - FORMATTED CONTENTS NOTE
Formatted contents note 1. Órgano del concurso en general - 2. Naturaleza jurídica de la sindicatura - 3. El síndico en el concurso, confrontación.Afinidad y diferenciación - 4. Designación del síndico - 5. Formas de cumplir la función - 6. Funciones - 7. Actuación general del síndico. Los coadministradores y controladores. Los empleados - 8. Responsabilidad - 9. Remoció o cese - 10. Conforntación legal actual y precedente - 11. Síntesis crítica de la jurisprudencia.
590 ## - LOCAL NOTE (RLIN)
Local note niveau_biblio:m niveau_hierar:0
942 ## - ADDED ENTRY ELEMENTS (KOHA)
Koha item type
Existencias
Withdrawn status Lost status Damaged status Not for loan Home library Current library Shelving location Date acquired Total checkouts Full call number Barcode Date last seen Price effective from Koha item type
        Biblioteca Prof. Eusebio Cleto del Rey Biblioteca Prof. Eusebio Cleto del Rey   07/04/2026   347.736 E83 L25303 07/04/2026 07/04/2026 Libro